New dimensions of the constitutional law (Record no. 76474)

MARC details
000 -LEADER
fixed length control field 00365nam a2200145Ia 4500
008 - FIXED-LENGTH DATA ELEMENTS--GENERAL INFORMATION
fixed length control field 230917s9999||||xx |||||||||||||| ||und||
040 ## - CATALOGING SOURCE
-- 77375
Original cataloging agency VIVEKANANDA LIBRARY
041 ## - Language
-- English
082 ## - DDC NUMBER
Classification number 342.02 D34C
100 ## - MAIN ENTRY--PERSONAL NAME
Personal name De, D J
245 #0 - TITLE STATEMENT
Title New dimensions of the constitutional law
260 ## - PUBLICATION, DISTRIBUTION, ETC. (IMPRINT)
Place of publication, distribution, etc Calcutta
Name of publisher, distributor, etc Eastern law house
Date of publication, distribution, etc 1991
300 ## - PHYSICAL DESCRIPTION
Pages 14, 118 p.
942 ## - ADDED ENTRY ELEMENTS (KOHA)
Koha item type Books
Holdings
Withdrawn status Lost status Damaged status Not for loan Location (home branch) Sublocation or collection (holding branch) Date acquired Koha issues (times borrowed) Koha full call number Accession No. Koha date last seen Koha item type
        VIVEKANANDA LIBRARY VIVEKANANDA LIBRARY 03/03/2003   342.02 D34C 151885 17/09/2023 Books
© Designed and Maintained by Vivekananda Library, MDU Rohtak